000 00659nam a2200217Ia 4500
003 GCL
008 140319s9999 xx 000 0 ara d
020 _a0114339977
040 _aGCL /
_cGCL
082 0 4 _a001.9
_bص ح
100 1 _aصبحى سليمان
245 1 0 _aحقائق وغرائب /
_cصبحى سليمان
260 _aالقاهرة :
_bالدار الثقافية للنشر ،
_c2003
300 _a197 ص ؛
_c24 سم
650 0 4 _aالارض
650 0 4 _aالاقمار الصناعية
650 0 4 _aالمجموعة الشمسية
650 0 4 _aالغرائب
650 0 4 _aالظواهر غير طبيعية
942 _2ddc
_cBK
999 _c6001
_d6001